000 00930cam a2200265 a 4500
001 3434503
003 OSt
005 20230704155153.0
008 911114s1992 maua b 001 0 eng
010 _a 91042676
020 _a0395578213 (alk. paper) :
_c$22.95
040 _aDLC
_cDLC
_dDLC
082 0 0 _a363.7
_bALG
100 1 _aGore, Albert,
_d1948-
245 1 0 _aEarth in the balance :
_becology and the human spirit /
_cAl Gore.
260 _aBoston :
_bHoughton Mifflin,
_c:c1992.
300 _a407 p. :
_bill. ;
_c24 cm.
504 _aIncludes bibliographical references (p. [386]-393) and index.
650 0 _aEnvironmental policy.
650 0 _aEnvironmental protection.
650 0 _aHuman ecology.
906 _a7
_bcbc
_corignew
_d1
_eocip
_f19
_gy-gencatlg
942 _2ddc
_cBK
999 _c3917
_d3917